[Event "Foment Martinenc op-B 23rd"]
[Site "Barcelona"]
[Date "2023.05.20"]
[Round "5"]
[White "Capella Baladas, Jaume Francesc"]
[Black "Bermejo Cuadra, Robert"]
[Result "1-0"]
[WhiteElo "1549"]
[BlackElo "1163"]
[PlyCount "75"]
[EventDate "2023.04.22"]
[EventType "swiss"]
[EventRounds "9"]
[EventCountry "ESP"]
[SourceTitle "EXT 2024"]
[Source "ChessBase"]
[SourceDate "2023.10.10"]
[SourceVersion "1"]
[SourceVersionDate "2023.10.10"]
[SourceQuality "1"]

1. d4 d5 2. c4 Nf6 3. Nc3 e6 4. Bg5 h6 5. Bxf6 Qxf6 6. e3 Bb4 7. a3 Bxc3+ 8. bxc3 c6 9. Nf3 Nd7 10. cxd5 cxd5 11. Bd3 0-0 12. 0-0 Re8 13. Re1 e5 14. Bb5 e4 15. Ne5 Re7 16. Bxd7 Bxd7 17. Qb3 Bc6 18. Rab1 Qd6 19. c4 Rxe5 20. dxe5 Qxe5 21. cxd5 Bxd5 22. Qb4 a5 23. Qb5 f6 24. Red1 Bc6 25. Qxe5 fxe5 26. g4 g5 27. Rd6 Kg7 28. Re6 Rd8 29. Rxe5 b5 30. Rc1 Rd6 31. Rec5 Be8 32. Kg2 Kg6 33. Kg3 Rd3 34. Re5 Bd7 35. Rxe4 Rxa3 36. Rd4 Be8 37. Rd6+ Kg7 38. Rc7+ 1-0

[Event "Foment Martinenc op-B 23rd"]
[Site "Barcelona"]
[Date "2023.05.13"]
[Round "4"]
[White "Bermejo Cuadra, Robert"]
[Black "Guerrero Moreno, Ainoha"]
[Result "0-1"]
[WhiteElo "1163"]
[BlackElo "1502"]
[PlyCount "108"]
[EventDate "2023.04.22"]
[EventType "swiss"]
[EventRounds "9"]
[EventCountry "ESP"]
[SourceTitle "EXT 2024"]
[Source "ChessBase"]
[SourceDate "2023.10.10"]
[SourceVersion "1"]
[SourceVersionDate "2023.10.10"]
[SourceQuality "1"]

1. Nf3 d5 2. d4 e6 3. Nc3 Nf6 4. Bg5 Nbd7 5. e3 Be7 6. Ne5 0-0 7. Nxd7 Nxd7 8. Bxe7 Qxe7 9. Bd3 c5 10. dxc5 Qxc5 11. Qh5 Nf6 12. Qh4 a6 13. g4 Qb4 14. 0-0-0 Qxg4 15. Qxf6 Qxd1+ 16. Kxd1 gxf6 17. Rg1+ Kh8 18. Rg3 Rg8 19. Rh3 Rg7 20. Ne2 e5 21. Rg3 Rxg3 22. Nxg3 e4 23. Be2 Be6 24. f3 f5 25. f4 Rd8 26. c3 Rg8 27. b3 Rg6 28. c4 dxc4 29. bxc4 Rh6 30. Nf1 Bd7 31. c5 Rc6 32. Bc4 Be6 33. Nd2 Rxc5 34. Bxe6 fxe6 35. Nb3 Rd5+ 36. Kc2 Kg7 37. Nd4 Kf6 38. h4 e5 39. Ne2 Rd3 40. fxe5+ Kxe5 41. Ng1 Rxe3 42. Kd2 f4 43. h5 Kf5 44. Ne2 Rxe2+ 45. Kxe2 Kg5 46. h6 Kxh6 47. Kf2 Kg5 48. a4 h5 49. a5 h4 50. Kg2 e3 51. Kf3 h3 52. Ke2 h2 53. Kf1 f3 54. Ke1 h1R# 0-1

[Event "Barcelona La Lira op 39th"]
[Site "Barcelona"]
[Date "2023.03.10"]
[Round "8"]
[White "Tortosa Moros, Joan"]
[Black "Bermejo Cuadra, Robert"]
[Result "1-0"]
[WhiteElo "1607"]
[BlackElo "1190"]
[PlyCount "91"]
[EventDate "2023.01.20"]
[EventType "swiss"]
[EventRounds "8"]
[EventCountry "ESP"]
[SourceTitle "CBM 213 Extra"]
[Source "ChessBase"]
[SourceDate "2023.05.31"]
[SourceVersion "1"]
[SourceVersionDate "2023.05.31"]
[SourceQuality "1"]

1. e4 e5 2. Nf3 d6 3. d4 f6 4. dxe5 dxe5 5. Qxd8+ Kxd8 6. Bc4 Ne7 7. 0-0 Bg4 8. Nfd2 Nbc6 9. f3 Bd7 10. c3 a6 11. Rd1 b5 12. Bb3 Kc8 13. Nf1 Ng6 14. a4 Bc5+ 15. Be3 Bxe3+ 16. Nxe3 b4 17. cxb4 Nd4 18. Bc4 Be6 19. Bxe6+ Nxe6 20. Nc3 Rd8 21. Rxd8+ Kxd8 22. Nf5 c6 23. Rd1+ Kc7 24. b5 Rd8 25. Rxd8 Nxd8 26. Nxg7 axb5 27. axb5 Kb6 28. bxc6 Nxc6 29. Nd5+ Kb5 30. Nxf6 Nf8 31. Kf2 Kc4 32. Ke3 Nd4 33. Nf5 Nc2+ 34. Kd2 Kb3 35. Nd6 h6 36. Nf7 Ng6 37. Nxh6 Kxb2 38. Nf5 Kb3 39. g3 Nb4 40. h4 Nc6 41. h5 Nh8 42. g4 Nd4 43. Nxd4+ exd4 44. Kd3 Nf7 45. Kxd4 Kb4 46. f4 1-0

[Event "Barcelona La Lira op 38th"]
[Site "Barcelona"]
[Date "2020.02.21"]
[Round "6"]
[White "Arcas Lopez, Josep Antoni"]
[Black "Bermejo Cuadra, Robert"]
[Result "1-0"]
[WhiteElo "1410"]
[BlackElo "1221"]
[PlyCount "93"]
[EventDate "2020.01.17"]
[EventType "swiss"]
[EventRounds "8"]
[EventCountry "ESP"]
[SourceTitle "CBM 195 Extra"]
[Source "ChessBase"]
[SourceDate "2020.05.31"]
[SourceVersion "1"]
[SourceVersionDate "2020.05.31"]
[SourceQuality "1"]

1. e4 e5 2. Nf3 Nc6 3. Bc4 f6 4. c3 d6 5. d4 Bg4 6. Be3 exd4 7. cxd4 Qd7 8. 0-0 0-0-0 9. Nbd2 Na5 10. Bd3 Ne7 11. d5 Kb8 12. b4 Bxf3 13. Nxf3 f5 14. bxa5 fxe4 15. Bxe4 Nf5 16. Bxf5 Qxf5 17. Qd4 b6 18. axb6 cxb6 19. a4 Rc8 20. Rfc1 Rc5 21. Rxc5 bxc5 22. Qc4 Be7 23. Qb5+ Kc7 24. Qc6+ Kd8 25. Nd2 Qc8 26. Rb1 Qxc6 27. dxc6 Kc7 28. Rb7+ Kxc6 29. Rxe7 Rb8 30. Rxg7 Rb4 31. Rxa7 Kb6 32. Rxh7 Rxa4 33. h4 Kc6 34. h5 c4 35. Kh2 c3 36. Nb3 c2 37. h6 Kd5 38. Rc7 Rh4+ 39. Kg3 Rb4 40. Nd4 Rb8 41. Rxc2 Rh8 42. Kh4 Ke4 43. g4 Ke5 44. g5 d5 45. Kh5 Kd6 46. g6 Re8 47. h7 1-0

[Event "Barcelona Sant Marti op-B 21st"]
[Site "Barcelona"]
[Date "2019.07.14"]
[Round "2"]
[White "Planella Zavala, Ivan"]
[Black "Bermejo Cuadra, Robert"]
[Result "1/2-1/2"]
[WhiteElo "1585"]
[BlackElo "1214"]
[PlyCount "97"]
[EventDate "2019.07.13"]
[EventType "swiss"]
[EventRounds "9"]
[EventCountry "ESP"]
[SourceTitle "EXT 2020"]
[Source "ChessBase"]
[SourceDate "2019.10.17"]
[SourceVersion "1"]
[SourceVersionDate "2019.10.17"]
[SourceQuality "1"]

1. d4 d5 2. Nf3 Nc6 3. e3 Bf5 4. Bd3 Bxd3 5. Qxd3 f6 6. b3 e6 7. Bb2 Nb4 8. Qe2 Qd6 9. a3 Na6 10. 0-0 c5 11. Re1 0-0-0 12. Nbd2 Ne7 13. Rac1 Kb8 14. c4 Rc8 15. h3 Ng6 16. Rcd1 Be7 17. Nb1 Bd8 18. Nc3 Ba5 19. cxd5 Bxc3 20. Bxc3 exd5 21. dxc5 Rxc5 22. Bb2 Rhc8 23. Nd4 Qd7 24. Rd2 Nc7 25. Red1 Ne6 26. b4 Nxd4 27. Bxd4 Rc1 28. Bb2 Rxd1+ 29. Qxd1 Ne7 30. e4 Rd8 31. Bd4 Nc6 32. exd5 Nxd4 33. Rxd4 Qd6 34. Qd3 g6 35. Kf1 Rc8 36. Qg3 Rc1+ 37. Ke2 Qxg3 38. fxg3 Rc2+ 39. Rd2 Rxd2+ 40. Kxd2 Kc7 41. Kd3 Kd6 42. Kd4 b6 43. a4 a6 44. g4 h6 45. g3 b5 46. axb5 axb5 47. h4 h5 48. gxh5 gxh5 49. Ke4 1/2-1/2

[Event "Barcelona La Lira op 37th"]
[Site "Barcelona"]
[Date "2019.02.08"]
[Round "4"]
[White "Bermejo Cuadra, Robert"]
[Black "Padin Jimenez, Oriol"]
[Result "0-1"]
[WhiteElo "1216"]
[BlackElo "1427"]
[PlyCount "86"]
[EventDate "2019.01.18"]
[EventType "swiss"]
[EventRounds "8"]
[EventCountry "ESP"]
[SourceTitle "CBM 189 Extra"]
[Source "ChessBase"]
[SourceDate "2019.06.03"]
[SourceVersion "1"]
[SourceVersionDate "2019.06.03"]
[SourceQuality "1"]

1. Nf3 c5 2. e4 Nc6 3. Bc4 Nf6 4. Ng5 Ne5 5. d3 Nxc4 6. dxc4 g6 7. e5 Nh5 8. 0-0 Bg7 9. g4 Bxe5 10. gxh5 h6 11. f4 Bd4+ 12. Kh1 hxg5 13. c3 Bg7 14. fxg5 Qc7 15. Bf4 Qc6+ 16. Qf3 Qxf3+ 17. Rxf3 Rxh5 18. Na3 a6 19. Re1 b6 20. Kg1 Rh4 21. Be5 Bxe5 22. Rxe5 d6 23. Ree3 Rg4+ 24. Rg3 Rxg3+ 25. Rxg3 Bb7 26. Rh3 Kd7 27. Nc2 Rf8 28. Ne3 e6 29. Rh7 d5 30. cxd5 exd5 31. Ng4 Ke6 32. Nh6 d4 33. cxd4 cxd4 34. Ng4 Bf3 35. Nf2 Kf5 36. Rh3 Be2 37. Rg3 Rd8 38. Nd3 Bxd3 39. Rxd3 Ke4 40. Rh3 d3 41. Kf2 d2 42. Re3+ Kd4 43. Ke2 d1Q+ 0-1

[Event "Barcelona La Lira op 37th"]
[Site "Barcelona"]
[Date "2019.01.25"]
[Round "2"]
[White "Bermejo Cuadra, Robert"]
[Black "Sanchez Coves, Juan Josep"]
[Result "0-1"]
[WhiteElo "1216"]
[BlackElo "1579"]
[PlyCount "76"]
[EventDate "2019.01.18"]
[EventType "swiss"]
[EventRounds "8"]
[EventCountry "ESP"]
[SourceTitle "CBM 189 Extra"]
[Source "ChessBase"]
[SourceDate "2019.06.03"]
[SourceVersion "1"]
[SourceVersionDate "2019.06.03"]
[SourceQuality "1"]

1. e4 c6 2. Nf3 d5 3. exd5 cxd5 4. d4 Nf6 5. c4 Nc6 6. Nc3 Bg4 7. h3 Bxf3 8. gxf3 dxc4 9. Be3 e5 10. d5 Na5 11. Qa4+ Nd7 12. 0-0-0 a6 13. d6 b5 14. Qc2 Nb7 15. Ne4 Rc8 16. Ng5 h6 17. Ne4 Rc6 18. f4 Bxd6 19. Nxd6+ Nxd6 20. fxe5 Nxe5 21. Bg2 Rc8 22. Bf4 Nd3+ 23. Kb1 Nxf4 24. Rhe1+ Kf8 25. Bf1 Qf6 26. Rxd6 Qxd6 27. Rd1 Qg6 28. Rd4 Ne6 29. Qxg6 fxg6 30. Rd7 Rd8 31. Rxd8+ Nxd8 32. Bg2 Ke7 33. Kc2 Rf8 34. f3 Nc6 35. Kd2 Ne5 36. Ke3 Nd3 37. b3 Nc1 38. Kd2 Nxa2 0-1

[Event "Barcelona Sant Marti op-B 20th"]
[Site "Barcelona"]
[Date "2018.07.17"]
[Round "5"]
[White "Bermejo Cuadra, Robert"]
[Black "Lahoz Bonaventura, Jordi"]
[Result "1-0"]
[WhiteElo "1315"]
[BlackElo "1597"]
[PlyCount "76"]
[EventDate "2018.07.13"]
[EventType "swiss"]
[EventRounds "9"]
[EventCountry "ESP"]
[SourceTitle "EXT 2019"]
[Source "ChessBase"]
[SourceDate "2018.10.10"]
[SourceVersion "1"]
[SourceVersionDate "2018.10.10"]
[SourceQuality "1"]

1. Nf3 c5 2. e4 g6 3. Bc4 Bg7 4. Ng5 e6 5. d3 Nc6 6. c3 Nf6 7. Na3 d5 8. exd5 exd5 9. Qe2+ Ne7 10. Bb5+ Bd7 11. 0-0 Bxb5 12. Nxb5 a6 13. Na3 0-0 14. Bf4 Re8 15. Qc2 Nc6 16. Rae1 Qd7 17. Rxe8+ Rxe8 18. Nf3 Nh5 19. Bd2 Ne5 20. Nxe5 Rxe5 21. d4 cxd4 22. cxd4 Re4 23. f3 Bxd4+ 24. Kh1 Rh4 25. Be1 Rf4 26. Qd2 Bc5 27. Nc2 Qb5 28. Rf2 Bxf2 29. Bxf2 Qf1+ 30. Bg1 Qc4 31. b3 Qc6 32. g4 d4 33. gxh5 Qxf3+ 34. Qg2 Qxh5 35. Nxd4 Qd1 36. Ne2 Rf5 37. Ng3 Rd5 38. Ne4 Qa1 1-0

[Event "Barcelona La Lira op 36th"]
[Site "Barcelona"]
[Date "2018.03.02"]
[Round "7.14"]
[White "Elias Arguelles, Manuel"]
[Black "Bermejo Cuadra, Robert"]
[Result "1-0"]
[WhiteElo "1522"]
[BlackElo "1297"]
[PlyCount "110"]
[EventDate "2018.01.19"]
[EventType "swiss"]
[EventRounds "8"]
[EventCountry "ESP"]
[SourceTitle "EXT 2024"]
[Source "ChessBase"]
[SourceDate "2023.10.10"]
[SourceVersion "1"]
[SourceVersionDate "2023.10.10"]
[SourceQuality "1"]

1. Nf3 Nc6 2. b3 d5 3. Bb2 f6 4. d4 Bf5 5. c3 e5 6. e3 e4 7. Nfd2 g6 8. g4 Be6 9. a3 Nh6 10. Be2 g5 11. h3 Qd7 12. c4 f5 13. cxd5 Bxd5 14. Bc4 a6 15. Bxd5 Qxd5 16. Nc3 Qf7 17. gxf5 Nxf5 18. Ncxe4 Rg8 19. d5 Nce7 20. Nf6+ Kd8 21. Nxg8 Nxg8 22. e4 Nd6 23. Qg4 Be7 24. f3 h5 25. Qg2 Qf4 26. 0-0-0 Rc8 27. Kb1 c6 28. dxc6 Rxc6 29. Nc4 Kc7 30. Be5 Qf7 31. Qe2 b5 32. Na5 Rc5 33. b4 Rxe5 34. Rc1+ Kd7 35. Qe3 Ke6 36. Nc6 Nc4 37. Qd3 Qe8 38. Nxe5 Nxe5 39. Qd5+ Kf6 40. h4 Nxf3 41. Qf5+ Kg7 42. Qxf3 g4 43. Qf5 Nh6 44. Qe6 g3 45. Rc6 Ng4 46. Rc7 Kf8 47. Qf5+ Kg7 48. Qg5+ Kf8 49. Qf4+ Kg7 50. Qxg3 Kh6 51. Qf4+ Kg7 52. Qg5+ Kf8 53. Rf1+ Bf6 54. Rxf6+ Nxf6 55. Qxf6+ Kg8 1-0

[Event "Barcelona La Lira op 36th"]
[Site "Barcelona"]
[Date "2018.02.02"]
[Round "3.13"]
[White "Varela Cuadrado, Cesar M"]
[Black "Bermejo Cuadra, Robert"]
[Result "1-0"]
[WhiteElo "1825"]
[BlackElo "1297"]
[PlyCount "63"]
[EventDate "2018.01.19"]
[EventType "swiss"]
[EventRounds "8"]
[EventCountry "ESP"]
[SourceTitle "EXT 2024"]
[Source "ChessBase"]
[SourceDate "2023.10.10"]
[SourceVersion "1"]
[SourceVersionDate "2023.10.10"]
[SourceQuality "1"]

1. e4 e5 2. Nf3 d6 3. d4 f5 4. Nc3 fxe4 5. Nxe4 d5 6. Ng3 Bg4 7. dxe5 Be7 8. Be2 c5 9. 0-0 Nc6 10. h3 Bxf3 11. Bxf3 Nxe5 12. Bxd5 Nf6 13. Bxb7 Qxd1 14. Rxd1 Rd8 15. Rxd8+ Bxd8 16. Bf4 Ng6 17. Bc6+ Kf7 18. Be3 Ne5 19. Bb5 Bb6 20. a4 c4 21. Bxb6 axb6 22. f4 Ned7 23. Bxc4+ Ke7 24. Nf5+ Kf8 25. Rd1 g6 26. Nd4 Kg7 27. Ne6+ Kh6 28. g4 Nxg4 29. hxg4 Rc8 30. g5+ Kh5 31. Be2+ Kh4 32. Kg2 1-0

[Event "Barcelona Ideal Clave op 21st"]
[Site "Barcelona"]
[Date "2017.10.21"]
[Round "3"]
[White "Bermejo Cuadra, Robert"]
[Black "Febrero Perez, Lluis"]
[Result "0-1"]
[WhiteElo "1297"]
[BlackElo "1499"]
[PlyCount "70"]
[EventDate "2017.09.30"]
[EventType "swiss"]
[EventRounds "8"]
[EventCountry "ESP"]
[SourceTitle "CBM 181 Extra"]
[Source "ChessBase"]
[SourceDate "2017.12.12"]
[SourceVersion "1"]
[SourceVersionDate "2017.12.12"]
[SourceQuality "1"]

1. e4 e5 2. Nf3 Nc6 3. Bc4 Nf6 4. Ng5 d5 5. exd5 Nxd5 6. Bxd5 Qxd5 7. Qf3 e4 8. Qxe4+ Qxe4+ 9. Nxe4 Nd4 10. Kd1 Bg4+ 11. f3 Nxf3 12. h3 Nxd2+ 13. hxg4 Nxe4 14. Re1 0-0-0+ 15. Bd2 Nf2+ 16. Kc1 Nxg4 17. Re4 f5 18. Re2 Bc5 19. b4 Bd4 20. c3 Bf6 21. Na3 Rd3 22. Kc2 Rhd8 23. Nb5 a6 24. Nd4 Bxd4 25. cxd4 R3xd4 26. Bc3 Rd3 27. Rae1 f4 28. Re8 Ne3+ 29. R1xe3 fxe3 30. Re7 R8d5 31. Rxg7 Kd8 32. Bf6+ Ke8 33. Bc3 e2 34. Rxc7 Rxc3+ 35. Rxc3 e1Q 0-1

[Event "Barcelona Ideal Clave op 21st"]
[Site "Barcelona"]
[Date "2017.09.30"]
[Round "1"]
[White "Bermejo Cuadra, Robert"]
[Black "Masferrer Andreu, Josep Miquel"]
[Result "0-1"]
[WhiteElo "1297"]
[BlackElo "1687"]
[PlyCount "46"]
[EventDate "2017.09.30"]
[EventType "swiss"]
[EventRounds "8"]
[EventCountry "ESP"]
[SourceTitle "CBM 181 Extra"]
[Source "ChessBase"]
[SourceDate "2017.12.12"]
[SourceVersion "1"]
[SourceVersionDate "2017.12.12"]
[SourceQuality "1"]

1. e4 d6 2. Nf3 Nf6 3. Nc3 g6 4. d4 c6 5. e5 dxe5 6. Nxe5 Be6 7. f4 Bg7 8. Be3 Nbd7 9. h3 Nb6 10. Bd3 Qc7 11. g4 Nfd5 12. Qf3 Nxc3 13. bxc3 f6 14. f5 Bd5 15. Be4 fxe5 16. fxg6 Rf8 17. Qg2 0-0-0 18. Bxd5 Nxd5 19. Qd2 Nxe3 20. gxh7 exd4 21. cxd4 Bxd4 22. c3 Bxc3 23. Qxc3 Qg3+ 0-1

[Event "Barcelona Sant Marti op-B 19th"]
[Site "Barcelona"]
[Date "2017.07.21"]
[Round "9"]
[White "Bermejo Cuadra, Robert"]
[Black "Torres Martinez, Jordi"]
[Result "0-1"]
[WhiteElo "1312"]
[BlackElo "1634"]
[PlyCount "82"]
[EventDate "2017.07.13"]
[EventType "swiss"]
[EventRounds "9"]
[EventCountry "ESP"]
[SourceTitle "EXT 2018"]
[Source "ChessBase"]
[SourceDate "2017.10.13"]
[SourceVersion "1"]
[SourceVersionDate "2017.10.13"]
[SourceQuality "1"]

1. e4 e5 2. Nc3 Nc6 3. Nf3 Nf6 4. a3 Be7 5. Nd5 0-0 6. Nxe7+ Qxe7 7. d3 h6 8. h3 d5 9. exd5 Nxd5 10. c4 Nf6 11. Be3 Bf5 12. g4 Bg6 13. g5 hxg5 14. Bxg5 e4 15. dxe4 Qxe4+ 16. Be3 Bh5 17. Bg2 Ne5 18. Qd4 Bxf3 19. Qxe4 Nxe4 20. Bxf3 Nxf3+ 21. Ke2 Ne5 22. f3 Ng3+ 23. Kf2 Nxh1+ 24. Rxh1 Nxc4 25. Bd4 f6 26. Rc1 b5 27. b3 Nxa3 28. Bc5 Rfd8 29. Bxa3 Rac8 30. Bc5 a5 31. Ra1 Ra8 32. Re1 a4 33. bxa4 bxa4 34. Ba3 Rd3 35. Ra1 Rb8 36. Bc5 Ra8 37. h4 a3 38. Ke2 Rc3 39. Bb4 Rb3 40. Bc5 a2 41. Bd4 Rb1 0-1

[Event "Barcelona Sant Marti op-B 19th"]
[Site "Barcelona"]
[Date "2017.07.20"]
[Round "8"]
[White "Subirana Santos, Marc"]
[Black "Bermejo Cuadra, Robert"]
[Result "1-0"]
[WhiteElo "1679"]
[BlackElo "1312"]
[PlyCount "73"]
[EventDate "2017.07.13"]
[EventType "swiss"]
[EventRounds "9"]
[EventCountry "ESP"]
[SourceTitle "EXT 2018"]
[Source "ChessBase"]
[SourceDate "2017.10.13"]
[SourceVersion "1"]
[SourceVersionDate "2017.10.13"]
[SourceQuality "1"]

1. e4 e5 2. Nf3 Nc6 3. Bb5 a6 4. Ba4 d6 5. 0-0 Bg4 6. h3 Bxf3 7. Qxf3 Qf6 8. Qe2 h6 9. c3 g6 10. d3 Nge7 11. Nd2 b5 12. Bc2 b4 13. Nf3 d5 14. Ba4 bxc3 15. bxc3 Nc8 16. exd5 N8a7 17. dxc6 Bd6 18. d4 e4 19. Qxe4+ Kf8 20. Ne5 Re8 21. Nd7+ Kg7 22. Nxf6 Rxe4 23. Nxe4 Re8 24. Nxd6 cxd6 25. Be3 Nc8 26. d5 g5 27. Bd4+ f6 28. Rfe1 Rf8 29. Re6 h5 30. Rb1 Rf7 31. Rb8 Ne7 32. Rxd6 Nf5 33. Rdd8 Ne7 34. Rb7 g4 35. Rdd7 Kf8 36. Bc5 Kg8 37. Rxe7 1-0

[Event "Barcelona Sant Marti op-B 19th"]
[Site "Barcelona"]
[Date "2017.07.19"]
[Round "7"]
[White "Bermejo Cuadra, Robert"]
[Black "Sanchez Rodriguez, Raul"]
[Result "1-0"]
[WhiteElo "1312"]
[BlackElo "1228"]
[PlyCount "92"]
[EventDate "2017.07.13"]
[EventType "swiss"]
[EventRounds "9"]
[EventCountry "ESP"]
[SourceTitle "EXT 2018"]
[Source "ChessBase"]
[SourceDate "2017.10.13"]
[SourceVersion "1"]
[SourceVersionDate "2017.10.13"]
[SourceQuality "1"]

1. e4 e5 2. Nf3 Nc6 3. Nc3 Nf6 4. d3 d6 5. Bd2 Bd7 6. Nd5 Nd4 7. Nxf6+ Qxf6 8. Nxd4 exd4 9. Qf3 Qxf3 10. gxf3 c5 11. c3 dxc3 12. Bxc3 b5 13. 0-0-0 b4 14. Be1 g6 15. h4 Bg7 16. b3 0-0 17. Bh3 Be6 18. f4 f5 19. f3 a5 20. exf5 Bxf5 21. Bf2 Bxh3 22. Rxh3 Rxf4 23. Be3 Rff8 24. d4 Rac8 25. dxc5 dxc5 26. Rd5 Rfd8 27. Rxd8+ Rxd8 28. f4 Rc8 29. Kd1 c4 30. bxc4 Rxc4 31. h5 a4 32. hxg6 hxg6 33. Rg3 Kf7 34. Rg5 b3 35. axb3 axb3 36. Rb5 b2 37. Rb7+ Kg8 38. Rb8+ Kh7 39. Rb7 Kh6 40. f5+ Kh7 41. f6 b1Q+ 42. Rxb1 Bxf6 43. Rb7+ Bg7 44. Kd2 Rg4 45. Ke2 Kg8 46. Rb8+ Bf8 1-0

[Event "Barcelona Sant Marti op-B 19th"]
[Site "Barcelona"]
[Date "2017.07.16"]
[Round "4"]
[White "Bailly, Axel"]
[Black "Bermejo Cuadra, Robert"]
[Result "1-0"]
[WhiteElo "1470"]
[BlackElo "1312"]
[PlyCount "89"]
[EventDate "2017.07.13"]
[EventType "swiss"]
[EventRounds "9"]
[EventCountry "ESP"]
[SourceTitle "EXT 2018"]
[Source "ChessBase"]
[SourceDate "2017.10.13"]
[SourceVersion "1"]
[SourceVersionDate "2017.10.13"]
[SourceQuality "1"]

1. e4 e5 2. Nf3 Nc6 3. Bc4 f6 4. d3 d6 5. Nc3 Nge7 6. Be3 Na5 7. Bb3 Nxb3 8. axb3 c6 9. h3 d5 10. exd5 cxd5 11. d4 e4 12. Nd2 g5 13. Nf1 Bd7 14. Qh5+ Ng6 15. Nxd5 Be6 16. c4 Bxd5 17. cxd5 Qxd5 18. Nd2 Bb4 19. 0-0 Bxd2 20. Bxd2 0-0 21. Rac1 Rac8 22. Qg4 Rxc1 23. Rxc1 Qxb3 24. Rc7 Rf7 25. Qc8+ Kg7 26. Rxf7+ Qxf7 27. Qc3 Nf4 28. Bxf4 gxf4 29. Qd2 Qc7 30. d5 Qd6 31. Qd4 e3 32. fxe3 fxe3 33. Qxe3 Qxd5 34. Qxa7 Kg6 35. Qf2 b5 36. Kh2 Qe5+ 37. Qg3+ Qxg3+ 38. Kxg3 Kg5 39. Kf3 f5 40. g3 h5 41. h4+ Kf6 42. Kf4 Kg6 43. Ke5 b4 44. b3 Kh6 45. Kxf5 1-0